El pan nuestro: las organizaciones populares para el consumo

Guardat en:
Dades bibliogràfiques
Autor principal: Jansana, Loreto (Autor)
Format: Llibre
Idioma:espanyol
Publicat: Santiago Tiempo Nuevo 1989
Col·lecció:Colección experiencias populares, 6
Matèries:
Etiquetes: Afegir etiqueta
Sense etiquetes, Sigues el primer a etiquetar aquest registre!

MARC

LEADER 00000nam a2200000 a 4500
001 UCX5124
003 CL-VaPUC
008 920923e19890000CL |||||||||||||||||spa|d
082 0 4 |a 361.06  |b JAN  |2 21 
100 |a Jansana, Loreto  |e author  |9 321446 
245 1 3 |a El pan nuestro: las organizaciones populares para el consumo 
300 |a 182 p 
942 |c BK 
945 |d 19920923 00:00:00 
260 |a Santiago  |b Tiempo Nuevo  |c 1989 
650 7 |a OLLAS COMUNES  |2 CL-VaPUC  |9 321447 
650 7 |a ORGANIZACION DE LA COMUNIDAD  |2 CL-VaPUC  |9 316161 
650 7 |a CAPACIDADES DE SUPERVIVENCIA  |2 CL-VaPUC  |9 321448 
651 7 |a AREA METROPOLITANA DE SANTIAGO  |2 CL-VaPUC  |9 266844 
651 7 |a CHILE  |2 CL-VaPUC  |9 321449 
583 |a last modification  |c 19920923 00:00:00  |k Rodrigo Vera 
490 0 |a Colección experiencias populares, 6 
999 |c 225456  |d 225454 
952 |0 0  |1 0  |4 0  |6 361_060000000000000_JAN_1989  |7 0  |8 A  |9 222976  |a BIBGIM  |b BIBGIM  |d 2019-11-15  |i 291798K  |o 361.06 JAN 1989  |p 291798K  |r 2025-01-15  |w 2019-11-15  |y BK  |k SSL